Normal view
MARC view
- Elahi, Prof Dr. Fazl
Entry Personal Name
001 - CONTROL NUMBER
- control field: 109398
003 - CONTROL NUMBER IDENTIFIER
- control field: NUST
005 - DATE AND TIME OF LATEST TRANSACTION
- control field: 20230221183103.0
008 - FIXED-LENGTH DATA ELEMENTS
- fixed length control field: 230221|| aca||aabn | a|a d
040 ## - CATALOGING SOURCE
- Original cataloging agency: NUST
- Transcribing agency: NUST
100 ## - HEADING--PERSONAL NAME
- Personal name: Elahi, Prof Dr. Fazl
670 ## - SOURCE DATA FOUND
- Source citation: Work cat.: (NUST)187889: Elahi, Prof Dr. Fazl , Bechoon ka Ehtisaab / بچوں کا احتساب (Urdu) /
